000 00258nam a2200097Ia 4500
001 644284
005 20250826153602.0
008 250824s9999 xx 000 0 und d
245 0 _aSAHİBİNİ ARAYAN MEKTUPLAR
_cAHMED GÜNBAY YILDIZ
260 _bTİMAŞ KÜLTÜR
999 _c644284
_d644284